000 00612nam a2200205Ia 4500
003 OSt
005 20230427102018.0
008 210423s2007 xx 000 0 und d
020 _a813090795x
040 _cAL
041 _aeng
082 _a820.9 BLOV
_223
100 _aBLOOM (Harold),Ed.
_993715
245 _aViva modern critical interpretations J R R Tolkien''s the lord of the rings.
260 _aNew Delhi
_bViva Books Pvt Ltd
_c2007
300 _avii,191
_bPB
365 _b145
_cINR
906 _acritical ; interpretations ; J ; lord ; modern ; R ; rings. ; Tolkien''s ; Viva
942 _2ddc
_cBK
999 _c161750
_d161750